Legendary Aquatic Creatures (Picture Quiz) - Statistics

General Stats
  • This quiz has been taken 21 times
  • The average score is 4 of 16
Answer Stats
Picture Answer % Correct
Kraken
95%
Loch Ness Monster
74%
Lernaean Hydra
63%
Mermaid
58%
Charybdis
32%
Hippocampus
26%
Naiad
21%
Kappa
11%
Bunyip
5%
Leviathan
5%
Nuckelavee
5%
Ogopogo
5%
Sea Monk
5%
Umibōzu
5%
Ahuizotl
0%
Ichthyocentaur
0%
No matching quizzes found
Score Distribution
Percent of People with Each Score
Percentile by Number Answered
Your Score History
You have not taken this quiz